| 000 | 00340nam a22001337a 4500 | ||
|---|---|---|---|
| 008 | 240805b |||||||| |||| 00| 0 eng d | ||
| 020 | _a9788119107292 | ||
| 100 | _aK. V. K. Aiyer | ||
| 245 | _aProfessional Conduct And Advocacy 2nd Edn. | ||
| 250 | _a2nd | ||
| 260 |
_aHyderabad _bAsia Law House _c2024 |
||
| 300 | _a736 | ||
| 942 |
_2ddc _cBK |
||
| 999 |
_c20775 _d20775 |
||